| 000 | 00353 a2200145 4500 | ||
|---|---|---|---|
| 040 |
_aDLC _bDLC |
||
| 082 | _a891.43101 | ||
| 100 | _aIqbal Afaqi | ||
| 245 |
_aMuani kay phalty affaq _cIqbal Afaqi |
||
| 260 |
_aIslamabad: _bIsta-ara, |
||
| 300 |
_a168p; _c24cm. |
||
| 500 | _aIncludes Index | ||
| 650 | _aUrdu Literature | ||
| 942 |
_cBK _k891.43101 IQB _2ddc |
||
| 999 |
_c8861 _d8861 |
||